000 00631nam a2200181 a 4500
001 001141238
003 AM-YeHGA
005 20250617152203.0
008 160412s1953 r 000 0 eng d
040 _aAM-YeHGA
100 1 _aВашенцев, Сергей
245 1 0 _aУчитель :
_bРассказы /
_cСергей Вашенцев.
260 _aМосква :
_bВоениздат М-ва обороны Союза ССР,
_c1953.
300 _a49 с.
440 0 _aБиблиотечка журнала Советский воин
_n№ 8(219)
653 _aРусская литература
090 _c367844
999 _c365981
_d365981